000 00354nam a2200145Ia 4500
008 191201s2004 xx 000 0 und d
082 _a621.319
_bDAE
100 _aDATTA, Nil K
245 0 _aElectrical Engineering Technology
250 _a1st
260 _aN.Delhi
_bKhanna Publisher
_c2004
300 _a734
650 _aB.Tech(ECE)
942 _2ddc
_cBK
999 _c1993
_d1993